| 000 | 00366 a2200109 4500 | ||
|---|---|---|---|
| 001 | ART_26069 | ||
| 005 | 20260410161936.0 | ||
| 008 | 260409a | ||
| 245 | 1 | 0 | _aPolítica exterior y crecimiento económico |
| 100 | 1 | _aOria, Jorge S. | |
| 773 | 0 |
_tAnales de la Academia Nacional de Ciencias Económicas _g- Vol. XXXIII, (1988) (ene. 1988) _wREV25596 |
|
| 999 |
_c29016 _d29016 |
||